00252nam a2200097Ia 4500008004100000041001200041100001900053245007000072260000600142650000600148221030s9999 xx 000 0 und d aEnglish aD. M Dhamdhere 0aOperating Systems - A Concept - Based Approachcby D. M Dhamdhere c0 aB